Růst stabilita a konvergence České ekonomiky v letech 2001-2008

Analýza ekonomickej výkonnosti a makroekonomickej stability českej ekonomiky v rokoch 2001-2008. Hodnotenie ekonomického rastu v medzinárodnom kontexte.

Saved in:
Bibliographic Details
Main Author: Spěváček, Vojtěch
Other Authors: Vintrová, Růžena
Format: Book Chapter
Language:Czech
Subjects:
Tags: Add Tag
No Tags, Be the first to tag this record!

MARC

LEADER 00000naa$a2200000$$$4500
001 0112119
005 20231121105527.4
041 0 |a cze 
044 |a CZ 
245 1 0 |a Růst stabilita a konvergence České ekonomiky v letech 2001-2008  |c Vojtěch Spěváček, Růžena Vintrová 
520 |a Analýza ekonomickej výkonnosti a makroekonomickej stability českej ekonomiky v rokoch 2001-2008. Hodnotenie ekonomického rastu v medzinárodnom kontexte. 
610 2 0 |a Česko 
610 2 0 |a rast hospodársky 
610 2 0 |a konvergencia 
610 2 0 |a analýza ekonomická 
610 2 0 |a stabilita hospodárstva 
100 1 |a Spěváček, Vojtěch 
700 1 |a Vintrová, Růžena